000 00379nam a22001697a 4500
003 MPLRDC
005 20220104155355.0
008 210129b ||||| |||| 00| 0 eng d
082 _a415.7 LZX c.2
100 _a林仲贤编
245 _a儿童皮肤病
_c
250 _a初版
260 _a
_b大丰出版社
_c
300 _b
650 _a
942 _cBK
_o415.7 LZX c.2
999 _c54461
_d54451